Informática i /

Guardado en:
Autor Principal: Villafuerte, Ghen
Formato: Libro
Publicado: Buenos Aires : Santillana, 2008
Series:Nuevamente
Materias:
Etiquetas: Agregar Etiqueta
Sin Etiquetas, Sea el primero en etiquetar este registro!
LEADER 00760nam a22002295a 4500
001 CEM.cems013108
005 20090511133822.0
008 130507s2008##################000#0#####d
003 CEMS
020 |a 9789504620389 
082 0 4 |a Z001.64 
100 1 |a Villafuerte, Ghen 
245 1 0 |a Informática i /  |c Ghen Villafuerte 
260 |a Buenos Aires :  |b Santillana,  |c 2008 
300 |a 96 p. + 1 CD-ROM 
490 0 |a Nuevamente 
500 |a Para nivel Educación Secundaria Básica 
505 0 |a La computadora -- Windows XP -- Word -- Powerpoint -- Excel -- Internet 
653 |a Informática 
653 |a Informática-7mo. egb 
653 |a Informática-1ro. educación secundaria básica 
859 |a CEMS  |b BIB. CEMS - 11 de abril  |h Z001.64  |i V712  |p 25580.09  |t Ej.1  |v I  |3 I